| 000 | 00363nam a2200145Ia 4500 | ||
|---|---|---|---|
| 008 | 230312s9999||||xx |||||||||||||| ||und|| | ||
| 020 | _a93-5154-045-8 | ||
| 082 |
_a639.207 _bMAH-A |
||
| 100 | _aMahajan;Naresh | ||
| 245 | 0 | _aApplied Bioinformatics Statistics | |
| 260 |
_bVenus Books _aIndia _c2015 |
||
| 300 | _a288 | ||
| 650 |
_aMedical _vBiology |
||
| 942 | _cBK | ||
| 999 |
_c11337 _d11337 |
||